000 00622nam a2200193 i 4500
001 62543
003 ES-MaACL
005 20231227182305.0
007 t|
008 031121s1954 sp ||||1| spa d
100 1 _aFernández Flórez, Wenceslao,
_d1885-1964
_949790
245 1 3 _aEl secreto de Barba Azul
_b: novela /
_cW. Fernández Flórez.
260 _aBarcelona :
_bPlaneta,
_c[1954] (
_fCondal)
300 _a301 p. ;
_c20 cm.
490 1 _aAutores españoles contemporáneos
830 0 _aAutores españoles contemporáneos
_9180811
852 _aES-MaACL
_jC-8278
_bR.36476
999 _c62543
_d62543